Wards of City designated by government ordinance of Japan - Statistics

General Stats
  • This quiz has been taken 374 times
    55 since last reset
  • The average score is 49 of 111
Answer Stats
City Ward % Correct
Sapporo Higashi
100%
Sapporo Kita
100%
Sapporo Minami
100%
Sapporo Nishi
100%
Yokohama Naka
94%
Sapporo Chuo
88%
Sendai Aoba
71%
Saitama Midori
71%
Nagoya Minato
71%
Kyoto Ukyo
71%
Kitakyushu Kokurakita
65%
Kitakyushu Kokuraminami
65%
Kyoto Shimogyo
65%
Kyoto Yamashina
65%
Kyoto Higashiyama
59%
Kobe Hyogo
59%
Kyoto Kamigyo
59%
Yokohama Kohoku
59%
Yokohama Konan
59%
Kitakyushu Moji
59%
Kyoto Sakyo
59%
Shizuoka Shimizu
59%
Kobe Nada
53%
Kobe Nagata
53%
Kyoto Nakagyo
53%
Yokohama Tsurumi
53%
Hiroshima Aki
47%
Shizuoka Aoi
47%
Yokohama Asahi
47%
Kyoto Fushimi
47%
Osaka Higashinari
47%
Osaka Higashiyodogawa
47%
Yokohama Hodogaya
47%
Sendai Izumi
47%
Kawasaki Kawasaki
47%
Nagoya Nakagawa
47%
Osaka Naniwa
47%
Saitama Omiya
47%
Sakai Sakai
47%
Kobe Tarumi
47%
Osaka Tennoji
47%
Hamamatsu Tenryu
47%
Saitama Urawa
47%
Kitakyushu Wakamatsu
47%
Osaka Yodogawa
47%
Osaka Abeno
41%
Kawasaki Asao
41%
Fukuoka Hakata
41%
Kobe Higashinada
41%
Osaka Higashisumiyoshi
41%
Yokohama Isogo
41%
Yokohama Kanagawa
41%
Yokohama Kanazawa
41%
Osaka Konohana
41%
Chiba Mihama
41%
Kawasaki Nakahara
41%
Nagoya Nakamura
41%
Kyoto Nishikyo
41%
Osaka Nishinari
41%
Yokohama Sakae
41%
Osaka Sumiyoshi
41%
Shizuoka Suruga
41%
Osaka Taisho
41%
Yokohama Totsuka
41%
Yokohama Tsuzuki
41%
Chiba Wakaba
41%
Hiroshima Asaminami
35%
Nagoya Atsuta
35%
Nagoya Chikusa
35%
Osaka Fukushima
35%
Hamamatsu Hamana
35%
Osaka Ikuno
35%
Fukuoka Jonan
35%
Osaka Joto
35%
Sendai Miyagino
35%
Nagoya Mizuho
35%
Nagoya Moriyama
35%
Osaka Nishiyodogawa
35%
Kawasaki Saiwai
35%
Yokohama Seya
35%
Nagoya Showa
35%
Kobe Suma
35%
Kawasaki Tama
35%
Sapporo Teine
35%
Sapporo Toyohira
35%
Hiroshima Asakita
29%
Sapporo Atsubetsu
29%
Chiba Hanamigawa
29%
Osaka Hirano
29%
Nagoya Meito
29%
Kawasaki Miyamae
29%
Niigata Nishikan
29%
Saitama Sakura
29%
Sapporo Shiroishi
29%
Osaka Suminoe
29%
Kitakyushu Tobata
29%
Sendai Wakabayashi
29%
Kitakyushu Yahatahigashi
29%
Kitakyushu Yahatanishi
29%
Chiba Inage
24%
Saitama Iwatsuki
24%
Sapporo Kiyota
24%
Sakai Mihara
24%
Saitama Minuma
24%
Osaka Miyakojima
24%
Hiroshima Saeki
24%
Fukuoka Sawara
24%
Sendai Taihaku
24%
Kawasaki Takatsu
24%
Nagoya Tempaku
24%
Niigata Akiha
18%
No matching quizzes found
Score Distribution
Percent of People with Each Score
Percentile by Number Answered
Your Score History
You have not taken this quiz since the last reset